恋上花草茶 (Record no. 62241)

000 -LEADER
fixed length control field 00474nam a22001937a 4500
003 - CONTROL NUMBER IDENTIFIER
control field MPLRDC
005 - DATE AND TIME OF LATEST TRANSACTION
control field 20220104183054.0
008 - FIXED-LENGTH DATA ELEMENTS--GENERAL INFORMATION
fixed length control field 210129b ||||| |||| 00| 0 eng d
020 ## - INTERNATIONAL STANDARD BOOK NUMBER
International Standard Book Number 957-30226-7-1
082 ## - DEWEY DECIMAL CLASSIFICATION NUMBER
Classification number 427.41 CMF
100 ## - MAIN ENTRY--PERSONAL NAME
Personal name 蔡孟芬编著
245 ## - TITLE STATEMENT
Title 恋上花草茶
Statement of responsibility, etc.
250 ## - EDITION STATEMENT
Edition statement 初版
260 ## - PUBLICATION, DISTRIBUTION, ETC.
Place of publication, distribution, etc. 台湾
Name of publisher, distributor, etc. 天佑智讯有限公司
Date of publication, distribution, etc. 2007
300 ## - PHYSICAL DESCRIPTION
Other physical details
490 ## - SERIES STATEMENT
Series statement 品味生活家. 01
650 ## - SUBJECT ADDED ENTRY--TOPICAL TERM
Topical term or geographic name entry element 饮料--茶
942 ## - ADDED ENTRY ELEMENTS (KOHA)
Koha item type Book
-- 427.41 CMF
Holdings
Withdrawn status Lost status Source of classification or shelving scheme Damaged status Not for loan Collection code Home library Current library Shelving location Date acquired Cost, normal purchase price Total Checkouts Total Renewals Full call number Barcode Date last seen Date last checked out Price effective from Koha item type Public note
            Malaysian Public Library, Research and Development Centre Malaysian Public Library, Research and Development Centre   30/11/2008 42.80   1 427.41 CMF 00056690 18/03/2021 17/06/2012 18/03/2021 Book mplrdc

© 2022. Malaysian Public Library, Research and Development Centre. All Right ReservedE-mailmplrdc@help.edu.my 

Powered by Koha